1114 1422 1742 1749 1959 1149 1673 1835 1607 1431 1706 1276 1164 1452 1489 1691 1589 1471 1248 1654 1609 1799 1270 1973 1651 1413 1748 1077 1157 1783 1854 1249 1587 1773 1940 1042 1230 1831 1474 1377 1207 1482 1479 1867 1089 1283 1122 1385 1253 1544 1585 1742 1427 1315 1376 1027 1482 1537 1069 1598 1052 1101 1415 1885 1645 1862 1015 1044 1176 1345 1051 1134 1883 1496 1075 1110 1976 1304 1699 1058 1618 1573 1523 1077 1977 1251 1795 1563 1058 1629 1152 1262 1951 1518 1755 1994 1497 1007 1183 BCNSPRNW ULIB Ver.6.0+V

เปลี่ยนเป็นภาษาไทย

Change to English
 แสดงรายละเอียดบรรณานุกรม
  กลับหน้าหลัก

Brief Record : Get Marc (ISO 2709) : E-mail record : QR code < ปิดหน้าต่าง
LEADER : 00000nam 2200000uu 4500
001    13399128200
003     ULIB
008    220815s2022||||th 000 0 tha d
020    ^a9780323879880
060 04 ^aWY49^bN974
245 00 ^aNursing diagnosis handbook :^ban evidence-based guide toplanning care /^c[edited by] Betty J. Ackley ...[et al]
250    ^a12th ed.
260    ^aSt. Louis, Mo. :^bElsevier,^c2022
300    ^axviii, 977 p. :^bill. ;^c26 cm.
504    ^aIncludes bibliographical references and index
650  0 ^aNursing diagnosis^vHandbooks, manuals, etc.
650  0 ^aNursing care plans^vHandbooks, manuals, etc.
650  2 ^aEvidence-Based Medicine^xmethods
650  2 ^aEvidence-Based Nursing^xmethods^vHandbooks
650  2 ^aNursing Diagnosis
650  2 ^aNursing Diagnosis^vHandbooks
650  2 ^aPatient Care Planning
650  2 ^aPatient Care Planning^vHandbooks
700 1  ^aAckley, Betty J.,^eed.
945    ^p0^l0^i009304
999    ^aประนอม เกษจรัล
รายการนี้ยังไม่มีแท็ก
คุณยังไม่ได้ล็อกอิน คุณสามารถมีกิจกรรมร่วมกับเว็บไซต์ได้ แต่ต้องล็อกอินก่อน ::
  ล็อกอิน

รายการสื่อสารสนเทศ

ลำดับที่ ประเภท เลขเรียก/บาร์โค้ด สถานที่ สถานะ
1. Book การพยาบาล
หนังสือสำรอง
สถานะ=หนังสือสำรอง
WY49 N974 ฉ.1 
  Barcode: 009304
ห้องสมุดวิทยาเขตสวรรค์ประชารักษ์
►หนังสือทั่วไป
บนชั้น

รายการใกล้เคียง
    หัวเรื่อง [Nursing Diagnosis]
    หัวเรื่อง [Patient Care Planning]

BibComment


ยังไม่เคยถูกคอมเมนท์

คอมเมนท์ทรัพยากรรายการนี้
  คอมเมนท์: Nursing diagnosi..


 Copyright 2026. Bcnsprnw @Library